| 000 | 00724nam a2200193 a 4500 | ||
|---|---|---|---|
| 001 | 000990270 | ||
| 003 | AM-YEHGA | ||
| 005 | 20260324102315.0 | ||
| 008 | 131030s1922 ru r 000 0 rus d | ||
| 040 | _aAM-YEHGA | ||
| 041 | 1 | _arus | |
| 100 | 1 | _aЛабриола, Антонио | |
| 245 | 1 | 0 |
_aИсторический материализм : _bОчерки материалистического понимания истории / _cАнтонио Лабриола ; Пер. А.Н. Горлина. |
| 260 |
_aПетербург : _bГосиздат, _c1922. |
||
| 300 | _a221 с. | ||
| 650 | 1 | 4 | _aИсторический материализм |
| 700 | 1 |
_aГорлин, А.Н. _eпер. _4trl |
|
| 942 |
_2udc _cBK |
||
| 999 |
_c328562 _d328562 |
||